International mining forum 2006, new technological solutions in underground mining : (Record no. 355284)
[ view plain ]
| 000 -LEADER | |
|---|---|
| fixed length control field | 01356nam a2200241 a 4500 |
| 001 - CONTROL NUMBER | |
| control field | ASIN0415401178 |
| 003 - CONTROL NUMBER IDENTIFIER | |
| control field | Nust- CAS-E |
| 005 - DATE AND TIME OF LATEST TRANSACTION | |
| control field | 20180118181356.0 |
| 008 - FIXED-LENGTH DATA ELEMENTS--GENERAL INFORMATION | |
| fixed length control field | 140305s2006 xxu eng d |
| 020 ## - INTERNATIONAL STANDARD BOOK NUMBER | |
| International Standard Book Number | 0415401178 |
| Terms of availability | $115.95 |
| 020 ## - INTERNATIONAL STANDARD BOOK NUMBER | |
| International Standard Book Number | 9780415401173 |
| 040 ## - CATALOGING SOURCE | |
| Transcribing agency | 0 |
| 082 ## - DEWEY DECIMAL CLASSIFICATION NUMBER | |
| Classification number | 622.2 |
| Author Mark | NEW 2006 |
| 245 10 - TITLE STATEMENT | |
| Title | International mining forum 2006, new technological solutions in underground mining : |
| Remainder of title | proceedings of the 7th international mining forum, cracow - szczyrk - wieliczka, poland, february 2006 / |
| Statement of responsibility, etc. | Eugeniusz Sobczyk, Jerzy Kicki. |
| 250 ## - EDITION STATEMENT | |
| Edition statement | 0th ed. |
| 260 ## - PUBLICATION, DISTRIBUTION, ETC. | |
| Place of publication, distribution, etc. | [S.l.] : |
| Name of publisher, distributor, etc. | Taylor & Francis, |
| Date of publication, distribution, etc. | 2006. |
| 300 ## - PHYSICAL DESCRIPTION | |
| Extent | 191 p. ; |
| Dimensions | 26 cm. |
| 520 ## - SUMMARY, ETC. | |
| Summary, etc. | The International Mining Forum is a recurring event, hosted by the University of Science and Technology in Cracow, Poland, bringing together an international group of scientists, including those working in rock mechanics and computer engineering as well as mining engineers. The topics are wide-ranging, including papers on remote sensing to assess primary impact; treatment of sealed-off coal mine fires; sustainable development in mine closure; and monitoring of natural hazards and safety issues. |
| 700 1# - ADDED ENTRY--PERSONAL NAME | |
| Personal name | Sobczyk, Eugeniusz. |
| 700 1# - ADDED ENTRY--PERSONAL NAME | |
| Personal name | Kicki, Jerzy. |
| 856 40 - ELECTRONIC LOCATION AND ACCESS | |
| Materials specified | Amazon.com |
| Uniform Resource Identifier | <a href="http://www.amazon.com/exec/obidos/ASIN/0415401178/chopaconline-20">http://www.amazon.com/exec/obidos/ASIN/0415401178/chopaconline-20</a> |
| 942 ## - ADDED ENTRY ELEMENTS (KOHA) | |
| Source of classification or shelving scheme | |
| Koha item type | Book |
| Withdrawn status | Lost status | Source of classification or shelving scheme | Damaged status | Not for loan | Collection code | Permanent Location | Current Location | Shelving location | Date acquired | Source of acquisition | Total Checkouts | Full call number | Barcode | Date last seen | Date last checked out | Cost, replacement price | Price effective from | Koha item type |
|---|---|---|---|---|---|---|---|---|---|---|---|---|---|---|---|---|---|---|
| US-Pakistan Center for Advanced Studies in Energy (USPCAS-E) | US-Pakistan Center for Advanced Studies in Energy (USPCAS-E) | General Stacks | 04/16/2013 | Victoria co | 1 | 622.2 NEW 2006 | CAS-E0000159 | 01/10/2017 | 12/09/2016 | 13836.00 | 03/05/2014 | Book |
